| 000 | 00545nam a2200181Ia 4500 | ||
|---|---|---|---|
| 999 |
_c32454 _d32454 |
||
| 003 | OSt | ||
| 005 | 20201008112658.0 | ||
| 008 | 190216s9999||||xx |||||||||||||| ||und|| | ||
| 020 | _a9788126540501 | ||
| 040 | _coclc | ||
| 082 |
_a001.434072 _bMON/D |
||
| 100 |
_aMontgomery, Douglas C _95451 |
||
| 245 | 0 |
_aDesign And Analysis Of Experiments / _cDouglas C Montgomery |
|
| 260 |
_bWiley Student, _c2014. _aNew Delhi: |
||
| 300 | _a726p | ||
| 650 | _aMathematics | ||
| 942 |
_cBK _2ddc _h001.434072 _iMON/D _k001.434072 _mMON/D |
||